| 000 | 00974cab a2200241 4500 | ||
|---|---|---|---|
| 001 | ABS68592 | ||
| 008 | 041221n2004 000 0 eng u | ||
| 035 | _a(Sirsi) u128379 | ||
| 100 | _aSheridan, P. | ||
| 245 | 2 | _aA new land liability | |
| 260 | _c2004 | ||
| 490 |
_aWastes Management _vDecember 2004, 46(1) |
||
| 520 | _aDiscusses the implications for contaminated land following the European Court of Justice ruling in "Walle and others v Texaco Belgium SA" ([2004] EUECJ C-1/03). In Walle the ECJ ruled that the petrol spillage should be considered as waste even while it remained undisturbed in the ground. The case has potentially increased the scope of the EU directive on waste (Directive 75/442/EEC). | ||
| 590 | _aABS | ||
| 650 | _aDIRECTIVE 75/442/EEC | ||
| 650 | _aCONTAMINATED LAND | ||
| 650 | _aWALLE CASE | ||
| 650 | _aWASTE SITES | ||
| 650 | _aWASTE DISPOSAL | ||
| 690 | _aWASTE MANAGEMENT-CASE LAW | ||
| 700 | _aChappell, D. | ||
| 942 | _n0 | ||
| 999 |
_c74688 _d74688 |
||